000 00919nam a2200217Ia 4500
999 _c48647
_d48647
001 15547
003 GE_BSU
005 20250331110501.0
008 181216s1952||||ge |||||||||||||| ||geo||
040 _cGE_BSU
041 _ageo
080 _a821.161.1-311.6 ა-70
100 _aანტონოვსკაია, ანა
_93051
245 _aდიდი მოურავი :
_b [ისტორიული რომანი]. ტ. 2 /
_cანა ანტონოვსკაია ; მთარგმნ. არისტო ჭუმბაძე.
264 _aთბილისი :
_bსახელგამი,
_c1952.
300 _a636 გვ.:
_bილ.;
_c21 სმ.
653 _aისტორიული რომანი
653 _aრუსული პროზა
700 _aჭუმბაძე, არისტო
_eმთარგმნელი
_924720
942 _cBK
_2udc